000 006900000a22002170004500
020 _a84-301-0542-5
041 0 _aSPA
082 0 4 _aG 173.1 M5961m
100 1 _aMetz, René
245 1 0 _aMatrimonio y divorcio / René Metz, Jean Schlick ; Alfonzo Ortiz, Traductor
260 _aSalamanca, España : Sígueme
300 _a277 Pag.
500 _aTítulo original : Le lien matrimonial
505 0 0 _ahechos y aspectos comparativos -- evolución histórica -- perspectivas actuales de la iglesia
650 1 4 _aMATRIMONIO \ DIVORCIO
001 1294
942 _cBK
999 _c32617
_d32617
336 _atexto
_btxt
_2rdacontent
337 _2rdamedia
_asin mediación
_bn
338 _2rdacarrier
_avolumen
_bnc